Statistics for Top 20 Patriots Players Ever

Click here to take the quiz!

General Stats

  • This quiz has been taken 58 times
    (40 since last reset)
  • The average score is 10 of 20

Answer Stats

PositionPlayer% Correct
TERob Gronkowski
100%
QBTom Brady
100%
WRJulian Edelman
82%
WRRandy Moss
82%
KAdam Vinatieri
79%
DTVince Wilfork
65%
WRWes Welker
65%
CBStephon Gilmore
62%
SDevin McCourty
44%
MLBDont'a Hightower
41%
CBTy Law
41%
STMatthew Slater
38%
LBTedy Bruschi
38%
IOLJohn Hannah
35%
WRTroy Brown
32%
SRodney Harrison
29%
DTRichard Seymour
24%
EDGEWillie McGinest
24%
LBAndre Tippett
21%
CBMike Haynes
9%

Score Distribution

Percentile by Number Answered

Percent of People with Each Score

Your Score History

You have not taken this quiz since the last reset